000 00553nam a2200169 a 4500
001 000045126
005 20201002045912.0
008 150204s1993 dr a 000 0 spa d
040 _aDO-SdBNP
_bspa
_cBNPHU
082 _axxxx
_bxxxx
245 0 3 _aLa biblia :
_bpara que tengan vida y la tengan en abundancia /
_cpresentación ; Padre Luis Rosario.
260 _aSanto Domingo :
_bCasa de la Juventu,
_c1993.
300 _a81 p. :
_bil. ;
_c21 cm.
490 1 _aPastoral juvenil
700 1 2 _aRosario, Luis,
_epres.
_9427
830 0 _aPastoral juvenil
_973144
999 _c44615
_d44615